<?xml version="1.0" encoding="UTF-8"?>
<record
    xmlns:xsi="http://www.w3.org/2001/XMLSchema-instance"
    xsi:schemaLocation="http://www.loc.gov/MARC21/slim http://www.loc.gov/standards/marcxml/schema/MARC21slim.xsd"
    xmlns="http://www.loc.gov/MARC21/slim">

  <leader>01293nam a22002057a 4500</leader>
  <controlfield tag="005">20230107122346.0</controlfield>
  <controlfield tag="008">230106b           ||||| |||| 00| 0 eng d</controlfield>
  <datafield tag="020" ind1=" " ind2=" ">
    <subfield code="a">9788126932740</subfield>
  </datafield>
  <datafield tag="040" ind1=" " ind2=" ">
    <subfield code="c">AL</subfield>
  </datafield>
  <datafield tag="041" ind1=" " ind2=" ">
    <subfield code="a">eng</subfield>
  </datafield>
  <datafield tag="082" ind1=" " ind2=" ">
    <subfield code="2">23</subfield>
    <subfield code="a">822.4</subfield>
    <subfield code="b">RAYW</subfield>
  </datafield>
  <datafield tag="100" ind1=" " ind2=" ">
    <subfield code="a">Ratri Ray</subfield>
    <subfield code="9">68726</subfield>
  </datafield>
  <datafield tag="245" ind1=" " ind2=" ">
    <subfield code="a">William congreves the way of the world</subfield>
  </datafield>
  <datafield tag="260" ind1=" " ind2=" ">
    <subfield code="a">New Delhi</subfield>
    <subfield code="b">Atlantic Publishers &amp; Distributors</subfield>
    <subfield code="c">2021</subfield>
  </datafield>
  <datafield tag="300" ind1=" " ind2=" ">
    <subfield code="a">vi,93p.</subfield>
    <subfield code="b">HB</subfield>
    <subfield code="c">21.5x14.5cm.</subfield>
  </datafield>
  <datafield tag="365" ind1=" " ind2=" ">
    <subfield code="2">General</subfield>
    <subfield code="a">1834</subfield>
    <subfield code="b">&#x20B9;421.00</subfield>
    <subfield code="c">&#x20B9;</subfield>
    <subfield code="d">&#x20B9;495.00</subfield>
    <subfield code="e">15%</subfield>
    <subfield code="f">12-12-2022</subfield>
  </datafield>
  <datafield tag="520" ind1=" " ind2=" ">
    <subfield code="a">The present work is a critical study of William Congreve's Play The Way of the World. It is a comedy of manners and the reader will find eminently satisfactory study of every aspect of it. It has the following features: (a) a study of the socio-political background of the time, (b) a study of the literary background, (c) the life of the author, (d) brief introduction to his other works, (e) the outline and genre of the play, (f) a scene-wise analysis, (g) the themes, (h) the characters, (i) the plot, (j) the imagery, (k) the style, (l) critical reception, (m) important passages, (n) important questions, and (o) bibliography. There are copious quotations from the text and other works too.</subfield>
  </datafield>
  <datafield tag="650" ind1=" " ind2=" ">
    <subfield code="2">Drama</subfield>
    <subfield code="a">English Drama</subfield>
    <subfield code="9">68727</subfield>
  </datafield>
  <datafield tag="942" ind1=" " ind2=" ">
    <subfield code="2">ddc</subfield>
    <subfield code="c">BK</subfield>
  </datafield>
  <datafield tag="999" ind1=" " ind2=" ">
    <subfield code="c">226297</subfield>
    <subfield code="d">226297</subfield>
  </datafield>
  <datafield tag="952" ind1=" " ind2=" ">
    <subfield code="0">0</subfield>
    <subfield code="1">0</subfield>
    <subfield code="2">ddc</subfield>
    <subfield code="4">0</subfield>
    <subfield code="7">0</subfield>
    <subfield code="8">MAENG</subfield>
    <subfield code="a">SACPG</subfield>
    <subfield code="b">SACPG</subfield>
    <subfield code="d">2023-01-02</subfield>
    <subfield code="e">Vidya Vihar</subfield>
    <subfield code="g">421.00</subfield>
    <subfield code="l">0</subfield>
    <subfield code="o">822.4 RAYW</subfield>
    <subfield code="p">PG024112</subfield>
    <subfield code="r">2023-01-06 00:00:00</subfield>
    <subfield code="v">495.00</subfield>
    <subfield code="w">2023-01-06</subfield>
    <subfield code="y">BK</subfield>
  </datafield>
</record>
